Loading...
| Science - Chemistry | 0 | 10 | 0 | 3 | 100 | 46 | 76.40 | 1 | 1 | 0.00 | 0.00 |
| Literature - World | 0 | 9 | 0 | 1 | 90 | 40 | 74.00 | 1 | 6 | 0.00 | 0.00 |
| Science - Biology | 0 | 8 | 0 | 4 | 80 | 47 | 81.13 | 0 | 2 | 0.00 | 0.00 |
| Mythology | 0 | 8 | 0 | 2 | 80 | 55 | 82.50 | 0 | 3 | 0.00 | 0.00 |
| Literature - British | 0 | 8 | 0 | 1 | 80 | 19 | 72.13 | 2 | 4 | 0.00 | 0.00 |
| Science - Other | 0 | 8 | 1 | 3 | 75 | 73 | 95.75 | 0 | 1 | 0.00 | 0.00 |
| Fine Arts - Classical Music | 0 | 8 | 1 | 0 | 75 | 65 | 98.75 | 0 | 2 | 0.00 | 0.00 |
| Literature - European | 0 | 7 | 0 | 0 | 70 | 55 | 80.00 | 0 | 3 | 0.00 | 0.00 |
| Literature - American | 0 | 7 | 1 | 0 | 65 | 45 | 69.71 | 3 | 4 | 0.00 | 0.00 |
| Religion | 0 | 6 | 0 | 0 | 60 | 57 | 69.67 | 0 | 1 | 0.00 | 0.00 |
| Fine Arts - Other | 0 | 6 | 1 | 0 | 55 | 57 | 94.17 | 0 | 2 | 0.00 | 0.00 |
| Science - Physics | 0 | 5 | 0 | 2 | 50 | 58 | 94.40 | 0 | 0 | 0.00 | 0.00 |
| Social Science | 0 | 3 | 0 | 1 | 30 | 72 | 85.33 | 0 | 0 | 0.00 | 0.00 |
| Popular Culture | 0 | 3 | 0 | 1 | 30 | 66 | 86.33 | 0 | 1 | 0.00 | 0.00 |
| History - World | 0 | 2 | 0 | 1 | 20 | 29 | 69.00 | 0 | 1 | 0.00 | 0.00 |
| Fine Arts - Painting and Sculpture | 0 | 2 | 0 | 0 | 20 | 75 | 95.50 | 0 | 0 | 0.00 | 0.00 |
| Philosophy | 0 | 2 | 0 | 0 | 20 | 54 | 57.50 | 0 | 1 | 0.00 | 0.00 |
| History - Other | 0 | 2 | 0 | 0 | 20 | 63 | 71.00 | 0 | 0 | 0.00 | 0.00 |
| History - European | 0 | 2 | 0 | 1 | 20 | 107 | 114.00 | 0 | 0 | 0.00 | 0.00 |
| History - American | 0 | 2 | 0 | 2 | 20 | 110 | 115.50 | 0 | 0 | 0.00 | 0.00 |
| Current Events | 0 | 1 | 0 | 1 | 10 | 109 | 109.00 | 0 | 0 | 0.00 | 0.00 |
| Geography | 0 | 1 | 0 | 0 | 10 | 72 | 72.00 | 1 | 1 | 0.00 | 0.00 |